Guess the Celebrity by Picture - Letter H - Statistics

General Stats
  • This quiz has been taken 357 times
    318 since last reset
  • The average score is 4 of 8
Answer Stats
Picture Answer % Correct
Harry Styles
93%
Halle Berry
58%
Hailey Bieber
46%
Harry S Truman
46%
Hilary Swank
31%
Halsey
28%
Hailee Steinfeld
27%
Hilary Duff
27%
No matching quizzes found
Score Distribution
Percent of People with Each Score
Percentile by Number Answered
Your Score History
You have not taken this quiz since the last reset